UBT Library

AUTOBIOGRAFIA E POPULLIT NE VARGJE (Record no. 60720)

000 -LEADER
fixed length control field 00350nam a22001457a 4500
008 - FIXED-LENGTH DATA ELEMENTS--GENERAL INFORMATION
fixed length control field 250709b ||||| |||| 00| 0 eng d
020 ## - INTERNATIONAL STANDARD BOOK NUMBER
International Standard Book Number 9992753188
041 ## - LANGUAGE CODE
Language code of text/sound track or separate title SHQIP
080 ## - UNIVERSAL DECIMAL CLASSIFICATION NUMBER
Edition identifier 2002
Universal Decimal Classification number 001
082 ## - DEWEY DECIMAL CLASSIFICATION NUMBER
Edition number 001
Classification number 001
100 ## - Rafti
Rafti 1
101 ## - Shkurtesa
Shkurtesa GJUHE DHE LETERSI
245 ## - TITLE STATEMENT
Title AUTOBIOGRAFIA E POPULLIT NE VARGJE
Statement of responsibility, etc ISMAIL KADARE
942 ## - ADDED ENTRY ELEMENTS (KOHA)
Source of classification or shelving scheme
Item type Books
Holdings
Withdrawn status Lost status Source of classification or shelving scheme Damaged status Not for loan Collection code Permanent location Current location Shelving location Date acquired Total Checkouts Full call number Barcode Date last seen Price effective from Koha item type
          Koleksioni i lëndeve mesimore UBT - Lipjan UBT - Lipjan Koleksioni i lëndeve mesimore 07/09/2025   001 002-8000709997 07/09/2025 07/09/2025 Books
UBT Library © 2015-2024. All rights reserved University Education for Business and Technology